|
|
แสดงรายละเอียดบรรณานุกรม |
|
|
Brief Record
: Get Marc (ISO 2709)
: E-mail record
: |
| LEADER 00000nama 2200000uu 4500 | |||
| 008 040531s2515 th m m a000 0 tha d | |||
| 041 tha | |||
| 050 WL100 อ134ป 2515 | |||
| 100 อดุลย์ วิริยเวชกุล | |||
| 245 ประสาทวิทยา/ อดุลย์ วิริยเวชกุล,สมบัติ สุคนพันธุ์ 001 | |||
| 260 กรุงเทพฯ สโมสรนักศึกษาแพทย์ศิริราช 2515 | |||
| 300 512 หน้า | |||
| 650 ประสาทวิทยา สมบัติ สุคนธพันธุ์ | |||
| 998 1999-02-06 | |||
| คุณยังไม่ได้ล็อกอิน คุณสามารถมีกิจกรรมร่วมกับเว็บไซต์ได้ แต่ต้องล็อกอินก่อน :: |
|
| สถานะ | |||||||||
| 1. | หนังสือทั่วไป | WL100 อ134ป 2515 | On Shelf ขอยืม | ||||||
| [แสดง 1/1 รายการ] | |||||||||
| รายการใกล้เคียง ผู้แต่ง [อดุลย์ วิริยเวชกุล] |
BibComment |
| คอมเมนท์ทรัพยากรรายการนี้ |
|
|